000 00222nam a22000977a 4500
999 _c15787
_d15787
003 OSt
008 191021b ||||| |||| 00| 0 eng d
100 _a Pottekkat, S K.
_91693
245 _aSanjariyude geethangal
942 _cBK